Quick Pick: Strange Phobias II Quiz Stats

 Plays Quiz Updated Dec 9, 2018

Support Sporcle.
Go Orange.
Score 0/10 Timer 01:00
0 Plays Today
% Correct
Octophobia
89.2%
Bibliophobia
88.2%
Hexakosioihexekontahexaphobia
80.5%
Phobophobia
78.7%
Euphobia
63.3%
Selenophobia
54.4%
Sinistrophobia
53.6%
Chirophobia
52.7%
Genuphobia
44.7%
Philophobia
42%

Today's Daily Dose

Word Ladder
Math Aid

Get the Picture
Warrior Women

You're not logged in!

Compare scores with friends on all Sporcle quizzes.
OR
Log In
Forgot?

From the Vault

Premier League Teams Never Relegated

by milkmeister

Sports 2m
No matter hard how others try, they just can't get rid of these EPL teams.
Remove Ads.
Support Sporcle.
Get the best of Sporcle when you Go Orange. This ad-free experience offers more features, more stats, and more fun while also helping to support Sporcle. Thank you for becoming a member.

Show Comments

Extras

Top Quizzes Today


Score Distribution

Your Account Isn't Verified!

In order to create a playlist on Sporcle, you need to verify the email address you used during registration. Go to your Sporcle Settings to finish the process.

Report this User

Report this user for behavior that violates our Community Guidelines.

Details: